000 00786nam a2200229Ii 4500
003 JO-AjNU
008 230605s9999||||xx |||||||||||||| ||und||
017 _a2012/9/3579
020 _a978-9957-565-06-0
040 _aJO-AjNU
_bara
_erda
_cJO-AjNU
041 _aara
050 1 4 _aLB1062 2015
100 3 _aالفريجات، غالب عبد المعطي,
_eauthor
_949900
245 0 0 _aالتفكير والإبداع والتفكير الإبداعي
250 _aط1
264 3 1 _aعمان: دار ورد الاردنية للنشر والتوزيع، 2015
300 _a197ص
336 _atext
_btxt
_2rdacontent
337 _aunmediated
_bn
_2rdamedia
338 _avolume
_bnc
_2rdacarrier
650 4 _aالتفكير الابداعي -الابداع - العقل
_949901
999 _aA21947
_c25515
_d25515